=LDR 00000nam 2200000 4500 =001 NUTBA000000000003804 =005 20220928072424 =035 ##$$a 0010-081400000000649 =008 220928################g##########0#ind## =020 ##$$a 979-489-234-4 =040 ##$$a NBPDMAT =082 ##$$a 028.5 =084 ##$$a 028.5 Whi b =090 ##$$a 028.5 Whi b =100 ##$$a Whicobe, Bobbie =245 1#$$a Binatang Terancam Bahaya /$c Bobbie Whicombe =250 ##$$a Cet. 13 =260 ##$$a Jakarta :$b Penebar Swadaya,$c 2005 =300 ##$$a 18 hlm. : $b Ilus ; $c 26 cm. =650 #4$$a Bacaan kanak-kanak =990 ##$$a 21408807 =990 ##$$a 21408808 =990 ##$$a 21408809 =990 ##$$a 21408810 =990 ##$$a 21408811